000 00300nam a2200133Ia 4500
008 230312s9999||||xx |||||||||||||| ||und||
082 _a658.15
_bSAE-P
100 _aSaeed;Khawaja,Amjad
245 0 _aPersonnel Management
260 _aPK
_c2009
300 _a206
650 _aManagement
942 _cBK
999 _c4604
_d4604